[Event "Intel Grand Prix Lon"]
[Site "?"]
[Date "1995.??.??"]
[Round "?"]
[White "Anand, Viswanathan"]
[Black "Dreev, Alexey S"]
[Result "0-1"]
[WhiteElo "2715"]
[BlackElo "2650"]
[PlyCount "131"]
[EventDate "1995.??.??"]
[Source "www.chesslib.no"]
[SourceDate "2004.05.04"]

1. e4 e6 2. d3 d5 3. Nd2 Nf6 4. Ngf3 b6 5. e5 Nfd7 6. d4 c5 7. c3 Be7 8. Bb5 Ba6 9. a4 Bb7 10. O-O Nc6 11. Re1 cxd4 12. Nxd4 Qc7 13. N2f3 O-O 14. Bxc6 Bxc6 15. Bg5 Bd8 16. Bxd8 Raxd8 17. b4 Bb7 18. Re3 Ba6 19. Qc2 h6 20. Rae1 Rc8 21. h4 Rfe8 22. Nh2 Qc4 23. Qd2 Nf8 24. Rg3 Kh8 25. Ng4 Nh7 26. Kh2 Qc7 27. f4 Qe7 28. Rh3 Rc4 29. Ne3 Rc7 30. f5 Rec8 31. Kg1 Bb7 32. Nb5 Rd7 33. Nxa7 Ra8 34. Nb5 Rxa4 35. Nd4 Ra8 36. Ng4 exf5 37. e6 fxe6 38. Ne5 Nf8 39. Nxd7 Qxd7 40. Rhe3 Bc8 41. Nf3 Qd8 42. Ne5 Qxh4 43. Rh3 Qf6 44. Qd4 Bb7 45. Qxb6 Bc8 46. Qc7 Kg8 47. Rg3 h5 48. b5 h4 49. Rf3 Ra2 50. Qxc8 Qg5 51. Rf2 Rxf2 52. Kxf2 Qg3+ 53. Kf1 h3 54. gxh3 Qxh3+ 55. Ke2 Qh2+ 56. Kd1 Qb2 57. Qc5 Qb1+ 58. Kd2 Qb2+ 59. Ke3 Qh2 60. Nf3 Qh6+ 61. Ke2 Qh5 62. Qd4 Qh3 63. Rg1 g6 64. b6 Qh5 65. b7 Qh7 66. b8=Q 0-1

[Event "Cappelle la Grande op"]
[Site "Cappelle la Grande"]
[Date "2001.03.01"]
[Round "7"]
[White "Saltaev, Mihail"]
[Black "Gurevich, Mikhail"]
[Result "0-1"]
[WhiteElo "2526"]
[BlackElo "2694"]
[PlyCount "48"]
[EventDate "2001.02.24"]
[Source "ChessBase"]
[SourceDate "2001.03.08"]

1. e4 e6 2. d4 d5 3. Nd2 Nf6 4. e5 Nfd7 5. c3 c5 6. f4 Nc6 7. Ndf3 Qb6 8. h4 cxd4 9. cxd4 Bb4+ 10. Kf2 f6 11. Be3 fxe5 12. fxe5 O-O 13. Bd3 Nxd4 14. Ne2 Nxe5 15. Bxd4 Ng4+ 16. Kg3 Qd6+ 17. Kxg4 e5+ 18. Kg3 exd4+ 19. Kf2 Bg4 20. Rc1 Rae8 21. Nexd4 Ba5 22. b4 Qxb4 23. Kg3 h5 24. Rb1 Bc7+ 0-1

[Event "CZE-ch"]
[Site "Karlovy Vary"]
[Date "2004.02.27"]
[Round "11"]
[White "Hracek, Zbynek"]
[Black "Navara, David"]
[Result "0-1"]
[WhiteElo "2599"]
[BlackElo "2604"]
[PlyCount "156"]
[EventDate "2004.02.17"]
[Source "ChessBase"]
[SourceDate "2004.06.01"]

1. e4 e6 2. d4 d5 3. Nd2 Nf6 4. e5 Nfd7 5. c3 c5 6. Ngf3 Nc6 7. Bd3 Qb6 8. O-O g6 9. dxc5 Qc7 10. Nb3 Ndxe5 11. Nxe5 Qxe5 12. Re1 Qf6 13. Bb5 Be7 14. Be3 O-O 15. Bxc6 bxc6 16. Bd4 Qf4 17. Na5 Qc7 18. b4 f6 19. f4 Bd7 20. Qd2 Rae8 21. Re2 Bd8 22. Rae1 Qb8 23. c4 Bc7 24. Be3 Rf7 25. g3 e5 26. cxd5 cxd5 27. fxe5 fxe5 28. Qxd5 Qxb4 29. Nb3 Bb5 30. Bd2 Qa4 31. Rf2 Bc4 32. Qe4 Rxf2 33. Kxf2 Bxb3 34. axb3 Qxb3 35. Rc1 a5 36. Ke2 Rb8 37. Rc4 Rd8 38. Qc2 Qxc2 39. Rxc2 Kf7 40. Rb2 Ke6 41. Rb7 Rc8 42. Ra7 Kd5 43. Bxa5 Bxa5 44. Rxa5 Rxc5 45. Ra2 Kd4 46. Rd2+ Ke4 47. Ra2 Rc4 48. Kf2 g5 49. Re2+ Kf5 50. Kf3 h5 51. Ra2 Rc3+ 52. Kf2 Rc4 53. Kf3 h4 54. gxh4 Rxh4 55. Kg3 Rg4+ 56. Kf3 Rb4 57. Ra3 e4+ 58. Kg3 Rb5 59. h3 Rd5 60. Ra8 Rd3+ 61. Kg2 Kf4 62. Rf8+ Ke3 63. Rf5 Kd2 64. Ra5 e3 65. Ra1 Ke2 66. Kg3 Rd1 67. Ra2+ Kf1 68. Rh2 Rd2 69. Rh1+ Ke2 70. Ra1 Rb2 71. Kg2 Kd3+ 72. Kf3 Kd2 73. Kg2 Ke2 74. Kg3 Rc2 75. Kg2 Rc3 76. Kg3 Rc4 77. Kg2 g4 78. Ra2+ Kd1 0-1

[Event "France"]
[Site "?"]
[Date "1994.??.??"]
[Round "?"]
[White "Bologan, V."]
[Black "Gurevich, M."]
[Result "1-0"]
[WhiteElo "2585"]
[BlackElo "2610"]
[PlyCount "121"]
[EventDate "1994.??.??"]
[Source "ChessBase"]
[SourceDate "1994.02.01"]

1. e4 e6 2. d4 d5 3. Nc3 Nf6 4. e5 Nfd7 5. Nce2 c5 6. c3 Nc6 7. Nf3 cxd4 8. cxd4 f6 9. Nf4 Bb4+ 10. Bd2 Qe7 11. Bxb4 Qxb4+ 12. Qd2 Qxd2+ 13. Kxd2 Ke7 14. exf6+ Nxf6 15. Bb5 Ne4+ 16. Ke3 Rf8 17. Bxc6 bxc6 18. Rhc1 Bd7 19. Nd3 Rab8 20. Nfe5 Rb6 21. Rc2 a5 22. Rac1 Rc8 23. g4 Be8 24. f3 Nd6 25. h4 Nf7 26. Rc5 Nxe5 27. Nxe5 Rxb2 28. Rxa5 Rb7 29. Ra6 Kd6 30. Nd3 Rbb8 31. Rc3 Rc7 32. Rca3 Bg6 33. Ne5 Be8 34. Ra7 Rbc8 35. Rxc7 Rxc7 36. Ra8 Ke7 37. Nd3 Rb7 38. Nc5 Rb1 39. Ra7+ Kd6 40. Rxg7 e5 41. Nb7+ Ke6 42. Rxh7 exd4+ 43. Kxd4 Rb4+ 44. Ke3 d4+ 45. Kf2 Rb2+ 46. Kg3 Rc2 47. Rh6+ Ke7 48. Nd6 Bd7 49. Ne4 Be6 50. Rh7+ Kf8 51. Rh8+ Ke7 52. h5 Bd5 53. h6 Bxe4 54. fxe4 Rc3+ 55. Kf2 Rc2+ 56. Ke1 Kf6 57. Rg8 Rh2 58. g5+ Ke5 59. g6 Rxh6 60. g7 Kf6 61. Rh8 1-0

[Event "Yerevan op"]
[Site "?"]
[Date "1996.??.??"]
[Round "11"]
[White "Tukmakov Vladimir B"]
[Black "Malaniuk Vladimir P"]
[Result "1/2-1/2"]
[WhiteElo "2595"]
[BlackElo "2585"]
[PlyCount "20"]
[EventDate "1996.??.??"]
[Source "www.chesslib.no"]
[SourceDate "2004.05.04"]

1. e4 e6 2. d4 d5 3. Nd2 Nf6 4. e5 Ne4 5. Bd3 Nxd2 6. Bxd2 c5 7. c3 Qb6 8. Qb3 c4 9. Qxb6 axb6 10. Bc2 b5 1/2-1/2

[Event "Lasker mem op"]
[Site "Barlinek"]
[Date "2001.07.18"]
[Round "3"]
[White "Ulibin, Mikhail"]
[Black "Gleizerov, Evgeny"]
[Result "1/2-1/2"]
[WhiteElo "2583"]
[BlackElo "2587"]
[PlyCount "29"]
[EventDate "2001.07.19"]
[Source "ChessBase"]
[SourceDate "2001.11.13"]

1. e4 e6 2. d4 d5 3. Nd2 Nf6 4. e5 Nfd7 5. c3 c5 6. f4 Nc6 7. Ndf3 Qb6 8. h4 cxd4 9. cxd4 h5 10. Ne2 f5 11. Nc3 Qd8 12. Bd3 Nb6 13. a3 Bd7 14. b3 a6 15. Bd2 1/2-1/2

[Event "Monarch Assurance"]
[Site "Port Erin"]
[Date "2004.09.30"]
[Round "6.6"]
[White "Gallagher, Joseph"]
[Black "Volkov, Sergey1"]
[Result "0-1"]
[WhiteElo "2541"]
[BlackElo "2625"]
[PlyCount "98"]
[EventDate "2004.09.25"]
[Source "Roberto Alvarez"]
[SourceDate "2004.10.05"]

1. e4 e6 2. d4 d5 3. Nd2 Nf6 4. e5 Nfd7 5. c3 c5 6. Bd3 Nc6 7. Ngf3 Be7 8. O-O g5 9. a3 h5 10. b4 g4 11. b5 Na5 12. Ne1 Qb6 13. Qa4 c4 14. Be2 f6 15. exf6 Nxf6 16. Qc2 Qxb5 17. a4 Qd7 18. g3 Bd6 19. Ng2 Qh7 20. Qa2 Bd7 21. Ba3 Bxa3 22. Qxa3 Qe7 23. Qb2 O-O-O 24. f4 gxf3 25. Nxf3 Ng4 26. Rae1 Rdg8 27. Bd1 Qd6 28. Kh1 Nc6 29. Qd2 Rf8 30. Nf4 Rfg8 31. Bc2 Kb8 32. Ng6 Rh7 33. Nf4 Rh6 34. h3 e5 35. dxe5 Ngxe5 36. Nxe5 Nxe5 37. Qe3 Nc6 38. Rd1 Re8 39. Qd2 d4 40. cxd4 Nb4 41. d5 c3 42. Qf2 h4 43. g4 Nxc2 44. Qxc2 Rf6 45. Ng2 Rxf1+ 46. Rxf1 Qg3 47. Kg1 Qxh3 48. g5 Qg4 49. Qc1 c2 0-1

[Event "Goodricke 13th op"]
[Site "Calcutta"]
[Date "2002.03.24"]
[Round "8"]
[White "Sulskis, Sarunas"]
[Black "Gleizerov, Evgeny"]
[Result "1-0"]
[WhiteElo "2579"]
[BlackElo "2587"]
[PlyCount "59"]
[EventDate "2002.03.17"]
[Source "ChessBase"]
[SourceDate "2002.03.21"]

1. e4 e6 2. d4 d5 3. Nd2 Nf6 4. e5 Nfd7 5. c3 c5 6. f4 Nc6 7. Ndf3 Qb6 8. Ne2 a5 9. g3 a4 10. Bh3 cxd4 11. cxd4 Bb4+ 12. Bd2 a3 13. b3 Ndb8 14. O-O Na6 15. Be3 Nc7 16. Rc1 Bd7 17. Nc3 Qa5 18. Na4 b6 19. f5 exf5 20. Bxf5 Bxf5 21. Rxc6 Ra7 22. Ng5 Bg6 23. Rxg6 fxg6 24. Qg4 Be7 25. Qc8+ Bd8 26. Ne6 Nxe6 27. Qxe6+ Be7 28. Qc8+ Bd8 29. Bg5 b5 30. Qc6+ 1-0

[Event "JUG-URS"]
[Site "Ohrid MKD"]
[Date "1972.??.??"]
[Round "1.2"]
[White "Matulovic, Milan"]
[Black "Korchnoi, Viktor L"]
[Result "1/2-1/2"]
[WhiteElo "2525"]
[BlackElo "2640"]
[PlyCount "103"]
[EventDate "1972.??.??"]
[Source "www.chesslib.no"]
[SourceDate "2004.05.04"]

1. e4 e6 2. d4 d5 3. Nd2 Nf6 4. e5 Nfd7 5. f4 c5 6. c3 Nc6 7. Ndf3 Qa5 8. Kf2 b5 9. Bd3 b4 10. Ne2 Nb6 11. Bd2 Ba6 12. cxb4 cxb4 13. Qb1 Nc4 14. Bc1 Be7 15. b3 Na3 16. Bxa3 bxa3 17. Rc1 Nb4 18. Ne1 Kd7 19. Bxa6 Qxa6 20. Rc3 Rac8 21. Rxc8 Kxc8 22. Ke3 Kb8 23. Nd3 Qb6 24. Nxb4 Bxb4 25. Qd3 f6 26. Rc1 fxe5 27. fxe5 g6 28. Nc3 Qc6 29. Qb5+ Qxb5 30. Nxb5 Kb7 31. Nd6+ Bxd6 32. exd6 Rc8 33. d7 Rd8 34. Kf4 Rxd7 35. Ke5 Rf7 36. Rc2 Rf1 37. Kxe6 Rb1 38. Kxd5 Rb2 39. Rc4 Rxg2 40. Rb4+ Kc7 41. Ra4 Rxa2 42. Rxa7+ Kb6 43. Ra4 g5 44. Ke6 Ra1 45. d5 a2 46. Kd7 g4 47. d6 h5 48. Kd8 Rd1 49. Rxa2 Rxd6+ 50. Ke7 Rc6 51. Kf7 Kb5 52. h3 1/2-1/2

[Event "Bad Zwesten op 6th"]
[Site "Bad Zwesten"]
[Date "2002.01.09"]
[Round "8"]
[White "Sax, Gyula"]
[Black "Luther, Thomas"]
[Result "0-1"]
[WhiteElo "2584"]
[BlackElo "2573"]
[PlyCount "70"]
[EventDate "2002.01.04"]
[Source "ChessBase"]
[SourceDate "2002.03.14"]

1. e4 e6 2. d4 d5 3. Nd2 Nf6 4. e5 Nfd7 5. f4 c5 6. c3 Nc6 7. Ndf3 Qb6 8. h4 cxd4 9. cxd4 Bb4+ 10. Kf2 f6 11. Kg3 O-O 12. Nh3 fxe5 13. dxe5 Nc5 14. Kh2 Ne4 15. Nfg5 h6 16. Nxe4 dxe4 17. Qe2 Bd7 18. Be3 Qa5 19. a3 Be7 20. g3 Qa4 21. Bg2 Na5 22. b4 Nb3 23. Rad1 a5 24. Bxe4 axb4 25. Bc2 Rfc8 26. Bb1 Rc3 27. axb4 Qb5 28. Bd3 Qxb4 29. Nf2 Be8 30. f5 exf5 31. Bxf5 Bc5 32. Nd3 Qc4 33. Qf3 Bxe3 34. Qxe3 Ra2+ 35. Kh3 Nd4 0-1

[Event "Trignac 84/222"]
[Site "?"]
[Date "2002.??.??"]
[Round "?"]
[White "Nisipeanu, L.-D."]
[Black "Dgebuadze, A."]
[Result "1-0"]
[WhiteElo "2608"]
[BlackElo "2544"]
[PlyCount "97"]
[EventDate "2002.??.??"]
[Source "Chess Informant"]
[SourceDate "2002.02.01"]

1. e4 e6 2. d4 d5 3. Nd2 Nf6 4. e5 Nfd7 5. c3 c5 6. Ngf3 Nc6 7. Bd3 g6 8. O-O Bg7 9. Re1 O-O 10. Nf1 cxd4 11. cxd4 Qb6 12. Bc2 f6 13. exf6 Nxf6 14. Bb3 Ng4 15. h3 Nh6 16. Ng3 a5 17. Be3 Nf5 18. Nxf5 Rxf5 19. Bc2 Rf8 20. h4 Qxb2 21. Rb1 Qxa2 22. h5 Rxf3 23. gxf3 Qa3 24. hxg6 hxg6 25. Bxg6 Qe7 26. f4 Qh4 27. Kg2 Ne7 28. Rh1 Qf6 29. Bc2 a4 30. Qh5 Kf8 31. Rb4 a3 32. Ra1 Qf7 33. Qxf7+ Kxf7 34. Ra4 Rxa4 35. Bxa4 Nf5 36. Rxa3 Ke7 37. Rd3 Bd7 38. Bc2 Nh4+ 39. Kg3 Nf5+ 40. Kf3 Nh4+ 41. Kg4 Bf6 42. Rb3 b5 43. Kg3 Kd6 44. Bd2 Kc6 45. Bb4 Be8 46. Ra3 Kb7 47. Bc5 Bg6 48. Bxg6 Nxg6 49. f5 1-0

[Event "Leningrad-Latvia"]
[Site "Leningrad RUS"]
[Date "1972.??.??"]
[Round "?"]
[White "Gipslis, Aivars P"]
[Black "Taimanov, Mark E"]
[Result "1-0"]
[WhiteElo "2560"]
[BlackElo "2590"]
[PlyCount "113"]
[EventDate "1972.??.??"]
[Source "www.chesslib.no"]
[SourceDate "2004.05.04"]

1. e4 e6 2. d4 d5 3. Nd2 Nf6 4. e5 Nfd7 5. f4 b6 6. Ndf3 Ba6 7. Ne2 Nc6 8. g4 Qe7 9. c3 O-O-O 10. h4 h5 11. gxh5 Kb7 12. Ng3 Bxf1 13. Kxf1 f6 14. Qe2 Qf7 15. Bd2 Ne7 16. Re1 fxe5 17. Ng5 Qg8 18. fxe5 g6 19. Qg4 Bh6 20. Ke2 Nf5 21. hxg6 Nxg3+ 22. Qxg3 Qxg6 23. Qd3 Qe8 24. Ref1 Rg8 25. Kd1 Rg7 26. Qh3 Qh5+ 27. Kc2 Re8 28. Qf3 Qg6+ 29. Qd3 Qh5 30. Kc1 Ree7 31. Qf3 Qe8 32. Qg4 Rg8 33. Rh3 Nf8 34. Rf6 Bg7 35. Rf2 Qa4 36. Kb1 Qe8 37. Rhf3 Qg6+ 38. Kc1 Rh8 39. Qg3 Bh6 40. Nf7 Bxd2+ 41. Kxd2 Rh5 42. Nd8+ Ka8 43. Qxg6 Nxg6 44. Rf6 Nxh4 45. Nxe6 Rh8 46. Rf8+ Rxf8 47. Rxf8+ Kb7 48. Nd8+ Ka6 49. Nc6 Rg7 50. e6 Ng6 51. Rf7 Rxf7 52. exf7 Nf8 53. Ke3 Kb7 54. Ne7 c6 55. Kf4 Kc7 56. Kf5 Kd6 57. Ng6 1-0

[Event "56th ch-RUS"]
[Site "Krasnoyarsk"]
[Date "2003.09.08"]
[Round "5"]
[White "Belozerov, Andrei"]
[Black "Dolmatov, Sergey"]
[Result "1-0"]
[WhiteElo "2541"]
[BlackElo "2605"]
[PlyCount "57"]
[EventDate "2003.09.03"]
[Source "Roberto Alvarez"]
[SourceDate "2003.09.15"]

1. e4 e6 2. d4 d5 3. Nd2 c5 4. Ngf3 Nf6 5. e5 Nfd7 6. c3 Nc6 7. Bd3 Rb8 8. O-O b5 9. Re1 Be7 10. Nf1 b4 11. c4 dxc4 12. Bxc4 cxd4 13. Nxd4 Ndxe5 14. Bf4 Nxc4 15. Nxc6 Qxd1 16. Rexd1 Rb6 17. Nxe7 Kxe7 18. Rac1 Ba6 19. b3 e5 20. Bg3 Nd6 21. Ne3 Ke6 22. Nd5 Bb7 23. Nxb6 axb6 24. Rc7 Bd5 25. Re1 f6 26. Rxg7 Ra8 27. Rxh7 Rxa2 28. Rh4 e4 29. f3 1-0

[Event "RUS-chT"]
[Site "Tomsk"]
[Date "2001.05.21"]
[Round "8"]
[White "Dolmatov, Sergey"]
[Black "Volkov, Sergey"]
[Result "1/2-1/2"]
[WhiteElo "2587"]
[BlackElo "2558"]
[PlyCount "46"]
[EventDate "2001.05.13"]
[Source "ChessBase"]
[SourceDate "2001.07.03"]

1. e4 e6 2. d4 d5 3. Nd2 Nf6 4. e5 Nfd7 5. c3 c5 6. f4 Nc6 7. Ndf3 Qb6 8. a3 c4 9. h4 h5 10. Be2 Na5 11. Nd2 Be7 12. Ngf3 Nf8 13. Ng5 Nh7 14. Kf2 g6 15. Rb1 Bd7 16. Qc2 Rc8 17. Bf3 Qb5 18. Bd1 Rc6 19. Rf1 Rb6 20. Kg1 Kf8 21. Be2 Qa4 22. Bd1 Qb5 23. Be2 Qa4 1/2-1/2

[Event "Kusadasi TUR"]
[Site "?"]
[Date "2006.04.16"]
[Round "2.5"]
[White "Mamedov Rauf"]
[Black "Socko Bartosz"]
[Result "1-0"]
[WhiteElo "2538"]
[BlackElo "2606"]
[PlyCount "103"]
[EventDate "2006.??.??"]
[Source "www.chesslib.no"]
[SourceDate "2004.05.04"]

1. e4 e6 2. d4 d5 3. Nd2 Nf6 4. Bd3 c5 5. e5 Nfd7 6. c3 Nc6 7. Ne2 Qb6 8. Nf3 f6 9. exf6 Nxf6 10. O-O Bd6 11. a3 a5 12. Rb1 O-O 13. Be3 cxd4 14. Nexd4 Nxd4 15. cxd4 Bd7 16. Ne5 Be8 17. Qf3 Qc7 18. Qh3 Bf7 19. Rbc1 Qe7 20. Bg5 h6 21. Bh4 Rfc8 22. Rce1 Re8 23. Ng4 h5 24. Nxf6+ gxf6 25. Qf3 Kg7 26. Re5 Rh8 27. Rfe1 Rag8 28. Rxd5 exd5 29. Rxe7 Bxe7 30. Qg3+ Kh6 31. Qc7 Re8 32. h3 Be6 33. Bb5 Bd8 34. Qf4+ Kg7 35. Bxe8 Rxe8 36. Qd6 Bf7 37. f3 Be7 38. Qf4 Bd8 39. b3 Re6 40. Qg3+ Kf8 41. Qb8 Re8 42. Bg3 Kg7 43. Qxb7 Re6 44. Kh2 Bb6 45. Qxd5 Re2 46. Qd6 Ba7 47. b4 a4 48. b5 Re6 49. Qd7 Bb6 50. Bc7 Ba7 51. d5 Re1 52. b6 1-0

[Event "DE BL"]
[Site "?"]
[Date "1989.??.??"]
[Round "?"]
[White "Huebner, Robert"]
[Black "Mohr, Stefan"]
[Result "1-0"]
[WhiteElo "2600"]
[BlackElo "2530"]
[PlyCount "65"]
[EventDate "1989.??.??"]
[Source "www.chesslib.no"]
[SourceDate "2004.05.04"]

1. e4 e6 2. d4 d5 3. Nd2 Nf6 4. e5 Nfd7 5. f4 c5 6. c3 Nc6 7. Ndf3 Qb6 8. g3 cxd4 9. cxd4 Be7 10. Bh3 f6 11. Ne2 O-O 12. Bxe6+ Kh8 13. exf6 Nxf6 14. Bxc8 Bb4+ 15. Kf1 Raxc8 16. Kg2 Ne7 17. a3 Qa6 18. Ne5 Nf5 19. Qd3 Qxd3 20. Nxd3 Ba5 21. Kf3 Rc2 22. Ne5 g5 23. fxg5 Ne4 24. Bf4 Rxb2 25. g6 h5 26. Rab1 Ng5+ 27. Bxg5 Nh4+ 28. Ke3 Ng2+ 29. Kd3 Ra2 30. Rxb7 Rxa3+ 31. Kc2 Rf2 32. Bh6 Ne3+ 33. Kb2 1-0

[Event "Lowell, MA"]
[Site "?"]
[Date "1996.??.??"]
[Round "5"]
[White "Ivanov Alexander"]
[Black "Yedidia Jonathan"]
[Result "1-0"]
[WhiteElo "2650"]
[BlackElo "2480"]
[PlyCount "79"]
[EventDate "1996.??.??"]
[Source "www.chesslib.no"]
[SourceDate "2004.05.04"]

1. e4 e6 2. d4 d5 3. Nd2 Nf6 4. e5 Nfd7 5. c3 c5 6. f4 cxd4 7. cxd4 Nc6 8. Ndf3 f5 9. Bd3 Be7 10. Ne2 O-O 11. O-O Nb6 12. Kh1 Bd7 13. Rg1 Be8 14. h3 Bg6 15. a3 a5 16. Nc3 Kh8 17. Qe2 Bh5 18. g4 Bg6 19. Be3 fxg4 20. Bxg6 gxf3 21. Qxf3 hxg6 22. Rxg6 Kg8 23. Rag1 Kf7 24. f5 Ke8 25. Rxe6 Qd7 26. Rxg7 Kd8 27. Qg4 Kc7 28. f6 Rae8 29. fxe7 Rf1+ 30. Kh2 Nc4 31. Bg1 Nd2 32. Rd6 Nf3+ 33. Qxf3 Rxf3 34. Nxd5+ Kc8 35. Nb6+ Kc7 36. Rxd7+ Kxb6 37. d5+ Kb5 38. Rxb7+ Kc4 39. dxc6 Rh8 40. Rg3 1-0

[Event "Mind Sports Games - Rapid Team KO"]
[Site "Pechino CINA"]
[Date "2008.10.17"]
[Round "1.1"]
[White "Kryvoruchko, Y."]
[Black "Kraai, J."]
[Result "1-0"]
[WhiteElo "2627"]
[BlackElo "2502"]
[PlyCount "121"]
[EventDate "2008.10.14"]
[Source "www.chesslib.no"]
[SourceDate "2004.05.04"]

1. e4 e6 2. d4 d5 3. Nd2 Nf6 4. e5 Nfd7 5. c3 c5 6. Bd3 Nc6 7. Ngf3 cxd4 8. cxd4 f6 9. exf6 Nxf6 10. O-O Bd6 11. b3 O-O 12. Bb2 Bd7 13. Ne5 Qb6 14. Ndf3 Rae8 15. Rc1 Re7 16. Re1 Be8 17. h3 Bh5 18. g4 Be8 19. Bb1 Nd7 20. Nxc6 bxc6 21. Ng5 e5 22. Bxh7+ Kh8 23. Bf5 e4 24. Rc2 g6 25. Bxe4 Bf4 26. Ba3 Bxg5 27. Bxe7 Bxe7 28. Bxg6 Bxg6 29. Rxe7 Qd8 30. Rce2 Be4 31. Re6 Qh4 32. Qd2 Nf6 33. Qf4 Kg8 34. Qg3 Qxg3+ 35. fxg3 Nh7 36. Rf2 Ng5 37. Rxf8+ Kxf8 38. Rxc6 Nf3+ 39. Kf2 Nxd4 40. Rc8+ Ke7 41. Rc7+ Kd6 42. Rxa7 Nb5 43. Ra5 Nc3 44. Ke3 Ke5 45. h4 Nd1+ 46. Kd2 Nf2 47. g5 Nh1 48. g4 Nf2 49. h5 Nxg4 50. g6 Nf6 51. g7 Bh7 52. Ra8 Kf5 53. Rh8 Bg8 54. h6 Kg6 55. a4 d4 56. a5 Bxb3 57. a6 Bd5 58. a7 Be4 59. a8=Q Bxa8 60. Rxa8 Kxh6 61. g8=Q 1-0

[Event "RUS-Cup"]
[Site "?"]
[Date "1998.??.??"]
[Round "7"]
[White "Ulibin Mikhail"]
[Black "Volkov Sergey"]
[Result "1/2-1/2"]
[WhiteElo "2575"]
[BlackElo "2545"]
[PlyCount "38"]
[EventDate "1998.??.??"]
[Source "www.chesslib.no"]
[SourceDate "2004.05.04"]

1. e4 e6 2. d4 d5 3. Nd2 Nf6 4. e5 Nfd7 5. c3 c5 6. f4 Nc6 7. Ndf3 Qb6 8. Ne2 a5 9. g3 a4 10. Bh3 cxd4 11. cxd4 Bb4+ 12. Kf2 a3 13. b3 Ndb8 14. Kg2 Na6 15. Be3 Bd7 16. Rc1 Be7 17. Nc3 Nab4 18. Qd2 Qa5 19. Na4 b6 1/2-1/2

[Event "Corr"]
[Site "?"]
[Date "1998.01.05"]
[Round "?"]
[White "Postler Reinhard (GER)"]
[Black "Rausch Stephan (GER)"]
[Result "1/2-1/2"]
[WhiteElo "2570"]
[BlackElo "2550"]
[PlyCount "79"]
[EventDate "1998.??.??"]
[Source "www.chesslib.no"]
[SourceDate "2004.05.04"]

1. e4 e6 2. d4 d5 3. Nd2 Nf6 4. e5 Nfd7 5. f4 c5 6. c3 Nc6 7. Ndf3 Qb6 8. g3 Be7 9. Bh3 O-O 10. Ne2 cxd4 11. cxd4 f6 12. Bxe6+ Kh8 13. exf6 Bb4+ 14. Kf1 Nxf6 15. Bxc8 Raxc8 16. Kg2 Ne4 17. Rf1 Bd6 18. Nc3 Nxc3 19. bxc3 Na5 20. Qd3 Qc6 21. Bd2 Nc4 22. Rf2 h6 23. Rb1 b5 24. Re1 Nxd2 25. Rxd2 b4 26. cxb4 Bxb4 27. Ne5 Qd6 28. Ng6+ Kg8 29. Nxf8 Rxf8 30. Rde2 Bxe1 31. Rxe1 Qd7 32. Qg6 Qb5 33. Re5 Kh8 34. Qc2 Rb8 35. Kf3 a5 36. Kg4 a4 37. h3 a3 38. Qg6 Rd8 39. Kh5 Qc4 40. Re8+ 1/2-1/2

[Event "Oxford GM-A"]
[Site "Oxford"]
[Date "1998.12.15"]
[Round "2"]
[White "Sutovsky, Emil"]
[Black "Gausel, Einar"]
[Result "1/2-1/2"]
[WhiteElo "2575"]
[BlackElo "2540"]
[PlyCount "73"]
[EventDate "1998.12.14"]
[Source "ChessBase"]
[SourceDate "1999.04.01"]

1. e4 e6 2. d4 d5 3. Nd2 Nf6 4. e5 Nfd7 5. c3 c5 6. Bd3 Nc6 7. Ngf3 Be7 8. O-O cxd4 9. cxd4 Nb6 10. Ne1 Nb4 11. Bb1 a5 12. Nd3 Bd7 13. Nxb4 axb4 14. Bd3 Nc8 15. Nb3 Ba4 16. Bd2 Qb6 17. Qg4 g6 18. Rfc1 Bxb3 19. axb3 Rxa1 20. Rxa1 Na7 21. Bh6 Bf8 22. Bg5 Bg7 23. h4 h6 24. Bf6 Bxf6 25. exf6 h5 26. Qf4 Kd7 27. Bxg6 fxg6 28. Qg5 Nc6 29. Qxg6 Qd8 30. Qf7+ Kd6 31. Qxb7 Qb8 32. Qa6 Rf8 33. Rc1 Qc8 34. Qd3 Rxf6 35. Qh7 Rf5 36. Qg7 Qd7 37. Qh8 1/2-1/2

[Event "etch (m)"]
[Site "?"]
[Date "1997.??.??"]
[Round "?"]
[White "Mohr Georg"]
[Black "Lputian Smbat G"]
[Result "1/2-1/2"]
[WhiteElo "2495"]
[BlackElo "2615"]
[PlyCount "39"]
[EventDate "1997.??.??"]
[Source "www.chesslib.no"]
[SourceDate "2004.05.04"]

1. e4 e6 2. d4 d5 3. Nd2 Nf6 4. e5 Nfd7 5. c3 c5 6. Bd3 Nc6 7. Ngf3 cxd4 8. cxd4 f5 9. h4 Be7 10. Nb3 O-O 11. Bg5 Nf6 12. Qd2 h6 13. Bxf6 Rxf6 14. Rh3 a5 15. Bb5 Ba3 16. Ba4 Be7 17. Qd3 Bd7 18. Qc2 Rb8 19. Kf1 Qe8 20. Nfd2 1/2-1/2

[Event "AUT-chT 9495"]
[Site "Austria"]
[Date "1995.??.??"]
[Round "?"]
[White "Jansa, Vlastimil"]
[Black "Kindermann, Stefan"]
[Result "1/2-1/2"]
[WhiteElo "2525"]
[BlackElo "2585"]
[PlyCount "41"]
[EventDate "1994.??.??"]
[Source "ChessBase"]

1. e4 e6 2. d4 d5 3. Nd2 Nf6 4. e5 Nfd7 5. f4 c5 6. c3 Nc6 7. Ndf3 Qb6 8. g3 cxd4 9. cxd4 Be7 10. Ne2 O-O 11. Bh3 f6 12. Bxe6+ Kh8 13. exf6 Nxf6 14. Bxc8 Bb4+ 15. Kf1 Raxc8 16. Kg2 Qa6 17. Rf1 Ne4 18. Be3 Bd6 19. a3 Na5 20. Ne5 Nc4 21. Nxc4 1/2-1/2

[Event "Staatsliga"]
[Site "Staatsliga"]
[Date "1995.??.??"]
[Round "?"]
[White "Jansa, Vlastimil"]
[Black "Kindermann, Stefan E S"]
[Result "1/2-1/2"]
[WhiteElo "2525"]
[BlackElo "2585"]
[PlyCount "41"]
[EventDate "1995.??.??"]
[Source "www.chesslib.no"]
[SourceDate "2004.05.04"]

1. e4 e6 2. d4 d5 3. Nd2 Nf6 4. e5 Nfd7 5. f4 c5 6. c3 Nc6 7. Ndf3 Qb6 8. g3 cxd4 9. cxd4 Be7 10. Ne2 O-O 11. Bh3 f6 12. Bxe6+ Kh8 13. exf6 Nxf6 14. Bxc8 Bb4+ 15. Kf1 Raxc8 16. Kg2 Qa6 17. Neg1 Nh5 18. Nd2 Bd6 19. b4 b5 20. g4 Qb7 21. Nh3 1/2-1/2

[Event "Open"]
[Site "?"]
[Date "2000.05.01"]
[Round "4"]
[White "Sax Gyula"]
[Black "Sharif Mershad"]
[Result "1/2-1/2"]
[WhiteElo "2609"]
[BlackElo "2491"]
[PlyCount "74"]
[EventDate "2000.??.??"]
[Source "www.chesslib.no"]
[SourceDate "2004.05.04"]

1. e4 e6 2. d4 d5 3. Nd2 Nf6 4. e5 Nfd7 5. f4 c5 6. c3 Nc6 7. Ndf3 cxd4 8. cxd4 f5 9. Bd3 Be7 10. Ne2 O-O 11. Rg1 Nb6 12. g4 Bd7 13. Kf2 a5 14. Rg2 Kh8 15. Kg1 a4 16. Kh1 Nb4 17. Bb1 Nc4 18. gxf5 exf5 19. Ng5 a3 20. b3 Nb2 21. Qd2 Qa5 22. Qe3 Qa6 23. Bd2 N4d3 24. e6 Bxg5 25. exd7 Bh4 26. Nc3 Rad8 27. Nxd5 Rxd7 28. Nb4 Nxb4 29. Bxb4 Nd1 30. Qd3 Rfd8 31. Qxa6 bxa6 32. Bxf5 Rxd4 33. Ba5 R8d5 34. Rc1 g6 35. Bc2 Nf2+ 36. Rxf2 Bxf2 37. Bc3 Kg8 1/2-1/2

[Event "Corr"]
[Site "?"]
[Date "1998.??.??"]
[Round "?"]
[White "Postler Reinhard"]
[Black "Prang Edgar"]
[Result "0-1"]
[WhiteElo "2570"]
[BlackElo "2525"]
[PlyCount "62"]
[EventDate "1998.??.??"]
[Source "www.chesslib.no"]
[SourceDate "2004.05.04"]

1. e4 e6 2. d4 d5 3. Nd2 Nf6 4. e5 Nfd7 5. f4 c5 6. c3 Nc6 7. Ndf3 cxd4 8. cxd4 f5 9. Bd3 Be7 10. Ne2 Nb6 11. O-O O-O 12. h3 Bd7 13. a3 a5 14. g4 a4 15. gxf5 exf5 16. Kh2 Na5 17. Nc3 Qe8 18. Qe2 Nb3 19. Rb1 Rc8 20. Bd2 Qh5 21. Rg1 Nxd2 22. Nxd2 Qh6 23. Qe3 Bxa3 24. Bb5 Bxb5 25. bxa3 Ba6 26. Rxb6 Qxb6 27. Nxd5 Qe6 28. Nb4 Rfd8 29. d5 Rxd5 30. Nxd5 Qxd5 31. Rg2 Bb5 0-1